| 000 | 00726nam a2200253 a 4500 | ||
|---|---|---|---|
| 005 | 20140310183521.0 | ||
| 008 | 120613s19uu xx 00 eng d | ||
| 020 | _a9780071267748 | ||
| 050 |
_aHD 58.6 _b.N45 2010 |
||
| 100 | _aLewicki, Roy J. | ||
| 245 |
_aNegotiation : _breadings, exercises, cases / _cRoy J. Lewicki, Bruce Barry, and David M. Saunders. |
||
| 250 | _a6th ed. | ||
| 260 |
_aSingapore : _bMcGraw-Hill Asia, _c2010. |
||
| 300 |
_a708 p. : _c24 cm. |
||
| 500 | _aInclude index | ||
| 521 | _aBSBA | ||
| 650 | _aNegotiation in business | ||
| 650 | _aPersonnel management | ||
| 700 | _aBarry, Bruce | ||
| 700 | _aSaunders, David M. | ||
| 942 |
_cBK _2lcc _kFOR |
||
| 999 |
_c24406 _d24406 |
||